Logistický audit liek na zvýšenie výkonnosti podniku

Zmyslom logistického auditu je overovanie si logistických cieľov a podpora hlavných podnikových cieľov podľa konkrétnych ukazovateľov. Skúmanie dokumentácie v rámci podnikových logistických procesov.

Guardado en:
Detalles Bibliográficos
Autor principal: Majerčák, Peter
Otros Autores: Majerčáková, Eva
Formato: Capítulo de libro
Lenguaje:eslovaco
Materias:
Etiquetas: Agregar Etiqueta
Sin Etiquetas, Sea el primero en etiquetar este registro!

MARC

LEADER 00000naa a2200000 4500
001 0177923
005 20231208113653.0
041 0 |a slo 
044 |a SK 
245 1 0 |a Logistický audit  |b liek na zvýšenie výkonnosti podniku  |c Peter Majerčák, Eva Majerčáková 
520 |a Zmyslom logistického auditu je overovanie si logistických cieľov a podpora hlavných podnikových cieľov podľa konkrétnych ukazovateľov. Skúmanie dokumentácie v rámci podnikových logistických procesov. 
610 2 0 |a metódy riadenia 
610 2 0 |a procesy podnikové 
610 2 0 |a logistika podniková 
610 2 0 |a kontrola podniková 
610 2 0 |a audit interný 
610 2 0 |a ciele podnikové 
100 1 |a Majerčák, Peter 
700 1 |a Majerčáková, Eva